| 000 | 00840cam a2200205 4500 | ||
|---|---|---|---|
| 001 | WB3615-21 | ||
| 008 | 000000n2000 000 0 eng u | ||
| 035 | _a(Sirsi) u105322 | ||
| 245 | _aWAP systems offer instant house details | ||
| 260 | _c2000 | ||
| 490 |
_aNegotiator _v15(7) 7 April 2000, 2(1) |
||
| 520 | _aHousebuyers with a mobile phone using WAP (wireless application protocol) will be able to get instant house details on a new website, http://www.24hrhomes.co.uk set up by phoenixplc. A similar scheme has been launched at http://www.Underoneroof.co.uk | ||
| 590 | _aWB | ||
| 650 | _aHOUSE BUYERS | ||
| 650 | _aMOBILE PHONES | ||
| 650 | _aPROPERTY-RESIDENTIAL PROPERTY-ACQUISITION AND DISPOSAL OF RESIDENTIAL PROPERTY | ||
| 650 | _aWAP-ENABLED MOBILE PHONES | ||
| 690 | _aINFORMATION TECHNOLOGY-INTERNET | ||
| 942 | _n0 | ||
| 999 |
_c63146 _d63146 |
||